[Event "Mirodata Cup U12 1st"]
[Site "Luebeck"]
[Date "2001.07.01"]
[Round "9"]
[White "Kim, Oi Sin"]
[Black "Kahlke, Katharina"]
[Result "1-0"]
[WhiteElo "1308"]
[BlackElo "941"]
[PlyCount "74"]
[EventDate "2001.06.??"]
[EventType "tourn (rapid)"]
[EventRounds "10"]
[EventCountry "GER"]
[SourceTitle "EXT 2003"]
[Source "ChessBase"]
[SourceDate "2002.11.25"]
[SourceVersion "1"]
[SourceVersionDate "2002.11.25"]
[SourceQuality "1"]

1. e4 e5 2. Nf3 Nc6 3. Bc4 Bc5 4. d3 d6 5. Bg5 Nf6 6. Nc3 h6 7. Be3 Bb6 8. 0-0 0-0 9. Bxb6 axb6 10. h3 Be6 11. Nd5 Na5 12. Nxf6+ Qxf6 13. Bxe6 fxe6 14. d4 exd4 15. Qxd4 Qxd4 16. Nxd4 e5 17. Nf5 Rae8 18. Rad1 g6 19. Nxh6+ Kg7 20. Ng4 Nc6 21. a3 Nd4 22. Ne3 Rf4 23. c3 Ne2+ 24. Kh2 Rxe4 25. Rde1 Nf4 26. Ng4 Rxe1 27. Rxe1 Rf8 28. f3 Nd3 29. Re2 Nf4 30. Re4 Nd3 31. Rc4 Rc8 32. b3 b5 33. Kg3 b4 34. axb4 Nc5 35. Ne3 Na6 36. Nd5 e4 37. fxe4 b5 1-0

[Event "Mirodata Cup U12 1st"]
[Site "Luebeck"]
[Date "2001.06.30"]
[Round "3"]
[White "Oltzen, Samuel David"]
[Black "Kahlke, Katharina"]
[Result "1-0"]
[WhiteElo "1229"]
[BlackElo "941"]
[PlyCount "53"]
[EventDate "2001.06.??"]
[EventType "tourn (rapid)"]
[EventRounds "10"]
[EventCountry "GER"]
[SourceTitle "EXT 2003"]
[Source "ChessBase"]
[SourceDate "2002.11.25"]
[SourceVersion "1"]
[SourceVersionDate "2002.11.25"]
[SourceQuality "1"]

1. e4 e5 2. Nf3 Nc6 3. Bc4 Bc5 4. c3 Nf6 5. d4 exd4 6. cxd4 Bb4+ 7. Nc3 Bxc3+ 8. bxc3 Nxe4 9. Qb3 0-0 10. 0-0 d6 11. Re1 Nf6 12. Ng5 Qd7 13. Bd3 g6 14. Bd2 b6 15. Ne4 Nxe4 16. Bxe4 Na5 17. Qb1 d5 18. Bf3 Nc4 19. Bh6 Re8 20. Bxd5 Rb8 21. Bxc4 Rxe1+ 22. Qxe1 b5 23. Rb1 Ba6 24. Qe5 Qxd4 25. cxd4 bxc4 26. Rxb8+ Bc8 27. Rxc8# 1-0